Tesaurus d'història contemporània de Catalunya / Maribel Cuadrado Benítez ... [et al.]
ISBN:
84-7794-443-1
Descripción Física:
237 p. ; 30 cm
MARC
| LEADER | 00000nam a2200000Ia 4500 | ||
|---|---|---|---|
| 001 | 11384 | ||
| 008 | 160829s1996 xx 000 0 cat d | ||
| 020 | |a 84-7794-443-1 | ||
| 080 | |a A-3-6 | ||
| 245 | |a Tesaurus d'història contemporània de Catalunya / Maribel Cuadrado Benítez ... [et al.] | ||
| 260 | |a Barcelona : |b Diputació de Barcelona, |c 1996 | ||
| 300 | |a 237 p. ; |c 30 cm | ||
| 590 | |a A peu de portada: Servei de Documentació d'Història Local de Catalunya. Departament d'Història Moderna i Contemporània. Universitat Autònoma de Barcelona | ||
| 650 | |a Encapçalaments de matèria |x Catalunya |x Història |x S. XIX/XX |9 28576 | ||
| 650 | |a Encapçalaments de matèria en català |9 28577 | ||
| 700 | |a Cuadrado Benítez, Maribel |9 28578 | ||
| 700 | |a Universitat Autònoma de Barcelona. Departament d'Història Moderna i Contemporània |9 28579 | ||
| 710 | 1 | |a Barcelona (Catalunya : Província). |b Diputació |9 52408 | |
| 901 | |a Arxiu | ||
| 942 | |n 1 | ||
| 952 | |0 0 |1 0 |4 0 |6 A36 |7 1 |9 44873 |a Arxiu |b Arxiu |d 2016-12-01 |l 0 |o A-3-6 |p 11384 |r 2016-12-01 00:00:00 |w 2016-12-01 |y ARXIU | ||
| 999 | |c 47471 |d 47471 | ||